000
00311nam a22001337a 4500
008
180919b xxu||||| |||| 00| 0 eng d
020
_a
9781400062751
041
_a
eng
080
_a
159.9
100
_a
48
101
_a
PSI
245
_a
Mindset The New Psychology Of Success
_c
Dweck.S.C
942
_2
udc
_c
BK
999
_c
48019
_d
48019